Nazwij napoje - poziom średni - Statystyki

Ogólne statystyki
  • Ten quiz został rozwiązany 34 razy
    17 od ostatniego zresetowania
  • Średni wynik to 18 z 40
Statystyki odpowiedzi
Obrazkowy Odpowiedź % Poprawnych
Fanta
92%
Sprite
92%
Tymbark
92%
Zbyszko 3 cytryny
92%
Lipton
83%
Frugo
75%
Monster Energy drink
75%
Monte Drink
75%
Nestea
75%
Caprio
67%
Chupa Chups sparkling
67%
Mountain Dew
67%
Piccolo
67%
Coca Cola cherry
58%
Jupik
58%
Dzik Energy
50%
Leon
50%
Tiger Energy Drink
50%
7UP
42%
Hortex
42%
Kubuś waterrr
42%
Oranżada Hellena
42%
Arizona
33%
Grappa ice
33%
Mullermilch shake
33%
Roko
33%
Schweppes
33%
Capri sun
25%
Fortuna Monster High
25%
Kinley Tonic
25%
Kofola
25%
Kwas chlebowy
25%
Lift
25%
Milka milk
17%
Oshee Lemonade
17%
Air Heads soda
8%
DZIK VITAMIN BOOST
8%
Eiskaffee
8%
GBS Caffe Latte
8%
Oshee Isotonic
8%
Nie znaleziono quizów pasujących do podanych kryteriów
Rozkład punktacji
Procent ludzi z każdym wynikiem
Percentyl według liczby udzielonych odpowiedzi
Twoja historia wyników
Nie rozwiązałeś tego quizu od ostatniego zresetowania